ফিলিস্তিন সমস্যা ও ইহুদি চক্রান্ত / (Record no. 14519)
[ view plain ]
| 000 -LEADER | |
|---|---|
| fixed length control field | 00906nam a22002297a 4500 |
| 001 - CONTROL NUMBER | |
| JCCL Control Number | 14519 |
| 003 - CONTROL NUMBER IDENTIFIER | |
| JCCL marc code | BD-JhCC |
| 005 - DATE AND TIME OF LATEST TRANSACTION | |
| control field | 20260210110507.0 |
| 008 - FIXED-LENGTH DATA ELEMENTS--GENERAL INFORMATION | |
| fixed length control field | 260210b |||||||| |||| 00| 0 eng d |
| 035 ## - SYSTEM CONTROL NUMBER | |
| system control number | (BD-JhCC)14519 |
| 040 ## - CATALOGING SOURCE | |
| Original cataloging agency | BD-JhCC |
| Modifying agency | BD-JhCC |
| 041 ## - LANGUAGE CODE | |
| Language code of Book | বাংলা |
| 082 ## - DEWEY DECIMAL CLASSIFICATION NUMBER | |
| DDC Edition number | 23 |
| Classification number | 956.94 |
| Author mark and Year | LIA.2019 |
| 100 ## - MAIN ENTRY--PERSONAL NAME | |
| Personal name | আলী,লিয়াকত |
| 245 ## - TITLE STATEMENT | |
| Title | ফিলিস্তিন সমস্যা ও ইহুদি চক্রান্ত / |
| Statement of responsibility, etc | মাওলানা লিয়াকত আলী |
| 260 ## - PUBLICATION, DISTRIBUTION, ETC. (IMPRINT) | |
| Place of publication, distribution, etc | ঢাকা: |
| Name of publisher, distributor, etc | থানভী, |
| Date of publication, distribution, etc | ২০১৯ |
| 300 ## - PHYSICAL DESCRIPTION | |
| Pagination | ৩৪৪ পৃ.; |
| Dimensions | ২২ সেমি. |
| Accompanying material | পেপার বাইন্ডিং |
| 650 ## - SUBJECT ADDED ENTRY--TOPICAL TERM | |
| Topical term or geographic name as entry element | ফিলিস্তিন–ইসরাইল সংকট |
| 650 ## - SUBJECT ADDED ENTRY--TOPICAL TERM | |
| Topical term or geographic name as entry element | মধ্যপ্রাচ্যের রাজনৈতিক ইতিহাস |
| 942 ## - ADDED ENTRY ELEMENTS (KOHA) | |
| Source of classification or shelving scheme | Dewey Decimal Classification |
| Koha item type | Books |
| Source of classification or shelving scheme | Damaged status | Not for loan | Collection code | Home library | Current library | Shelving location | Date of accession | Cost, normal purchase price | Total Checkouts | Full call number | Barcode | Date last seen | Copy number | Method of acquisition | Koha item type | Currency |
|---|---|---|---|---|---|---|---|---|---|---|---|---|---|---|---|---|
| Dewey Decimal Classification | Non-fiction | JCC Rouf Library | JCC Rouf Library | General Stacks | 02/10/2026 | 575.00 | 956.94 LIA.2019 | 20459 | 02/10/2026 | C- 1 | Purchase | Books | BDT | |||
| Dewey Decimal Classification | Non-fiction | JCC Rouf Library | JCC Rouf Library | General Stacks | 02/10/2026 | 575.00 | 956.94 LIA.2019 | 20460 | 02/10/2026 | C- 2 | Purchase | Books | BDT |